Tepsi: test de desarrollo psicomotor 2-5 años

Guardat en:
Dades bibliogràfiques
Autor principal: Haeussler Pérez de Arce, Isabel Margarita (Autor)
Altres autors: Marchant Orrego, Teresa (autora)
Format: Llibre
Idioma:espanyol
Publicat: Santiago Universidad Católica de Chile 2003
Edició:10a. ed
Col·lecció:Aprendizaje
Matèries:
Etiquetes: Afegir etiqueta
Sense etiquetes, Sigues el primer a etiquetar aquest registre!

MARC

LEADER 00000nam a2200000 a 4500
001 UCK8116
003 CL-VaPUC
008 060120e20030000CL |||||||||||||||||spa|d
020 |a 9561402126 
082 0 4 |a 155.4123  |b HAE  |2 21 
100 |a Haeussler Pérez de Arce, Isabel Margarita  |e author  |9 605317 
700 |a Marchant Orrego, Teresa  |e autora  |9 605316 
245 1 0 |a Tepsi: test de desarrollo psicomotor 2-5 años 
250 |a 10a. ed 
300 |a 145 p 
942 |c BK 
945 |d 20060120 00:00:00  |a cmena 
260 |a Santiago  |b Universidad Católica de Chile  |c 2003 
500 |a En forma separada: 
500 |a Caja de cartón que incluye: 
500 |a 1 lápiz grafito sin goma; 2 vasos plásticos; 1 pelota de tenis; 12 cubos de madera; 1 tablero de madera; 4 piezas rectangulares de madera; 3 láminas de color; 1 estuche abotonado que incluye: 1 globo, una aguja de lana, un cordón grueso, un trozo de hilo; 2 almohadillas 
650 0 |a Tests psicológicos  |9 308644 
650 0 |a Psicología del niño  |9 307305 
650 7 |a DESARROLLO PSICOMOTOR  |2 CL-VaPUC  |9 335818 
650 0 |a Aptitud motora   |9 307353 
583 |a last modification  |c 20060120 00:00:00  |k Rodrigo Vera 
490 0 |a Aprendizaje 
999 |c 315921  |d 315919 
952 |0 0  |1 0  |4 0  |6 155_412300000000000_HAE_2003  |7 0  |8 A  |9 389787  |a BIBEDU  |b BIBEDU  |d 2019-11-22  |i 4201620  |o 155.4123 HAE 2003  |p 4201620  |r 2019-11-22  |w 2019-11-22  |y BK  |k PAR 
952 |0 0  |1 0  |4 0  |6 155_412300000000000_HAE_2003  |7 0  |8 A  |9 389788  |a BIBEDU  |b BIBEDU  |d 2019-11-22  |i 4201639  |o 155.4123 HAE 2003  |p 4201639  |r 2019-11-22  |w 2019-11-22  |y BK  |k PAR